000 00786nam a22001817a 4500
999 _c217371
_d217371
008 201130b ||||| |||| 00| 0 eng d
040 _bger
_cDE-2950
_erda
_aDE-2950
041 _ager
100 _aGutke, Thomas:
245 _aEin Sommer voller Musik in den Frankfurter Parks.
_bKultur: Das Stadtmarketing der Messe- und Veranstaltungs GmbH plant ab Mitte Juli eine Klassik-Konzert-Reihe in den Grünanlagen der Stadt. Der Eintritt ist frei /
_cThomas Gutke
653 _aFrankfurt (Oder)
653 _aBrandenburgisches Staatsorchester
773 _dFrankfurt (Oder): Märkisches Verlags- und Druckhaus GmbH & Co KG
_g32. Jahrgang (2021) Nr. 124 vom 01.06.2021, S. 11
_tMärkische Oderzeitung
942 _cA